<?xml version="1.0" encoding="UTF-8"?>
<record
    xmlns:xsi="http://www.w3.org/2001/XMLSchema-instance"
    xsi:schemaLocation="http://www.loc.gov/MARC21/slim http://www.loc.gov/standards/marcxml/schema/MARC21slim.xsd"
    xmlns="http://www.loc.gov/MARC21/slim">

  <leader>01881    a2200253   4500</leader>
  <controlfield tag="001">43841</controlfield>
  <controlfield tag="005">20260407155719.0</controlfield>
  <controlfield tag="008">260407a2014    arg                 spa d</controlfield>
  <controlfield tag="003">AR-UNSa-BCEJYS</controlfield>
  <datafield tag="040" ind1=" " ind2=" ">
    <subfield code="a">AR-UNSa-BCEJYS</subfield>
    <subfield code="b">spa</subfield>
    <subfield code="c">AR-UNSa-BCEJYS</subfield>
  </datafield>
  <datafield tag="080" ind1=" " ind2=" ">
    <subfield code="a">330.101.541</subfield>
    <subfield code="x">Macroeconom&#xED;a</subfield>
  </datafield>
  <datafield tag="245" ind1="1" ind2="0">
    <subfield code="a">Macroeconom&#xED;a</subfield>
  </datafield>
  <datafield tag="020" ind1=" " ind2=" ">
    <subfield code="a">978-84-95348-94-4</subfield>
  </datafield>
  <datafield tag="250" ind1=" " ind2=" ">
    <subfield code="a">8a. ed.</subfield>
  </datafield>
  <datafield tag="264" ind1=" " ind2="1">
    <subfield code="a">Barcelona :</subfield>
    <subfield code="b">Antoni Bosch</subfield>
    <subfield code="c">2014</subfield>
  </datafield>
  <datafield tag="300" ind1=" " ind2=" ">
    <subfield code="a">859 p.</subfield>
    <subfield code="c">24 cm.</subfield>
  </datafield>
  <datafield tag="505" ind1=" " ind2=" ">
    <subfield code="a">1. La ciencia de la macroeconom&#xED;a - 2. Los datos macroecon&#xF3;micos - 3. La renta nacional: de d&#xF3;nde viene y ad&#xF3;nde va -  4. El sistema monetario: qu&#xE9; es y c&#xF3;mo funciona - 5. La inflaci&#xF3;n: sus causas, sus efectos y sus costes sociales - 6. La econom&#xED;a abierta - 7. El paro - 8. El crecimiento econ&#xF3;mico I: la acumulaci&#xF3;n de capital y el crecimiento de la poblaci&#xF3;n - 9. El crecimiento econ&#xF3;mico II: la tecnolog&#xED;a, el an&#xE1;lisis emp&#xED;rico y la pol&#xED;tica econ&#xF3;mica - 10. Introducci&#xF3;n a las fluctuaciones econ&#xF3;micas - 11. La demanda agregada I: construcci&#xF3;n del modelo IS-LM - 12. La demanda agregada II: aplicaci&#xF3;n del modelo IS-LM - 13. Reconsideraci&#xF3;n de la econom&#xED;a abierta: el modelo Mundell-Fleming y el sistema de tipos de cambio - 14. La oferta agregada y la disyuntiva a corto plazo entre la inflaci&#xF3;n y el paro - 15. Modelo din&#xE1;mico de demanda y ofertas agregadas - 16. Comprender la conducta de los consumidores - 17. La teor&#xED;a de la inversi&#xF3;n - 18. Perspectiva alternativas sobre la pol&#xED;tica de estabilizaci&#xF3;n - 19. La deuda p&#xFA;blica y los d&#xE9;ficit presupuestarios - 20. El sistema financiero: oportunidades y peligros - </subfield>
  </datafield>
  <datafield tag="041" ind1=" " ind2=" ">
    <subfield code="a">spa</subfield>
  </datafield>
  <datafield tag="942" ind1=" " ind2=" ">
    <subfield code="c">BK</subfield>
  </datafield>
  <datafield tag="590" ind1=" " ind2=" ">
    <subfield code="a">niveau_biblio:m niveau_hierar:0</subfield>
  </datafield>
  <datafield tag="100" ind1="1" ind2=" ">
    <subfield code="a">Mankiw, N. Gregory</subfield>
  </datafield>
  <datafield tag="700" ind1="1" ind2=" ">
    <subfield code="a">Rabasco, Mar&#xED;a Esther</subfield>
  </datafield>
  <datafield tag="856" ind1="4" ind2="1">
    <subfield code="u">https://biblioeco.unsa.edu.ar/pmb/images/libros/L126763.jpg</subfield>
    <subfield code="y">Imagen de portada</subfield>
    <subfield code="q">image/jpeg</subfield>
  </datafield>
  <datafield tag="999" ind1=" " ind2=" ">
    <subfield code="c">3726</subfield>
    <subfield code="d">3726</subfield>
  </datafield>
  <datafield tag="952" ind1=" " ind2=" ">
    <subfield code="0">0</subfield>
    <subfield code="1">0</subfield>
    <subfield code="4">0</subfield>
    <subfield code="7">0</subfield>
    <subfield code="a">BCEJYS</subfield>
    <subfield code="b">BCEJYS</subfield>
    <subfield code="c">16</subfield>
    <subfield code="d">2026-04-07</subfield>
    <subfield code="l">0</subfield>
    <subfield code="o">330.101.541 M278 8ed.</subfield>
    <subfield code="p">L126763</subfield>
    <subfield code="r">2026-04-07 15:57:19</subfield>
    <subfield code="w">2026-04-07</subfield>
    <subfield code="y">L</subfield>
    <subfield code="z">PARTIDO EN P&#xC1;G 146</subfield>
  </datafield>
  <datafield tag="952" ind1=" " ind2=" ">
    <subfield code="0">0</subfield>
    <subfield code="1">0</subfield>
    <subfield code="4">0</subfield>
    <subfield code="7">0</subfield>
    <subfield code="a">BCEJYS</subfield>
    <subfield code="b">BCEJYS</subfield>
    <subfield code="c">16</subfield>
    <subfield code="d">2026-04-07</subfield>
    <subfield code="l">0</subfield>
    <subfield code="o">330.101.541 M278 8ed.</subfield>
    <subfield code="p">L126764</subfield>
    <subfield code="r">2026-04-07 15:57:19</subfield>
    <subfield code="w">2026-04-07</subfield>
    <subfield code="y">L</subfield>
    <subfield code="z">L&#xC1;PIZ LEVE (P&#xC1;G 70  A 75, 66, 53) - PAG. 311 H&#xDA;MEDA</subfield>
  </datafield>
  <datafield tag="952" ind1=" " ind2=" ">
    <subfield code="0">0</subfield>
    <subfield code="1">0</subfield>
    <subfield code="4">0</subfield>
    <subfield code="7">0</subfield>
    <subfield code="a">BCEJYS</subfield>
    <subfield code="b">BCEJYS</subfield>
    <subfield code="c">16</subfield>
    <subfield code="d">2026-04-07</subfield>
    <subfield code="l">0</subfield>
    <subfield code="o">330.101.541 M278 8ed.</subfield>
    <subfield code="p">L126765</subfield>
    <subfield code="r">2026-04-07 15:57:19</subfield>
    <subfield code="w">2026-04-07</subfield>
    <subfield code="y">L</subfield>
    <subfield code="z">CANTO MANCHADO CON VERDE - CANTO INFERIOR CON ROSA - 1&#xB0; P&#xC1;GINAS UN POCO SUELTAS (HASTA P&#xC1;G 84)</subfield>
  </datafield>
</record>
